MDQL
is popping MORE tags! Check the
thread
!
Quizzes
Events
Quiz Creation
Community
Videos
Private Events
Remove Ads
Sign In
Join for FREE
Feedback
Dark Mode
Quiz Categories
Sports
Geography
Music
Movies
Television
Just For Fun
Miscellaneous
History
Literature
Language
Science
Gaming
Entertainment
Religion
Holiday
For Kids
Quiz Lab
Recent
Popular Today
Quiz Kudos Today
Editor Picks
Curator Picks
Quizzes by...
Day
Popularity
Type
Ratings
Length
Year
Community
Subscriptions
Recent Discussions
Orange Saloon
Badges
Playlists
Quests
Create
Leaderboards
Showdown
Live 5
Trivia Bingo
Activity
Puzzle Library
Sporcle Events
Private Events
Virtual Trivia
Globe League
Become a Host
Pub Owners
SporcleCon
Opinionation
Our Games
Videos
Blog
Mobile Apps
Partnerships
Remove Ads and Go Orange
Feedback
History
US Presidents
World Leaders
Politics
Nation
Discovery
War
Decade
Year
Century
Biography
Art
History
US Presidents
World Leaders
Politics
Nation
Discovery
War
Decade
Year
Century
Biography
Art
Random Quiz
Search Sporcle
×
Quiz Lab
Quiz Lab
History
War
Type in answers that appear in a list
Type in answers that appear in a list
Classic
Best Score? Go Orange.
Current US military aircraft Stats
Can you name the All the military aircraft of the USA (current service)?
By
Jason_montyfan
10m
92 Questions
1,583 Plays
1,583 Plays
1,583 Plays
Comments
Comments
Give Quiz Kudos
Give Quiz Kudos
-
- Ratings
hide this ad
Replay
Link that replays current quiz
Next Quiz
Link to next quiz in quiz playlist
You Got
0%
They Got
Avg Score
44%
Avg Friend Score
Upgrade to see
Score Distribution
Jump to the score distribution portion of the page
Score
0/92
Timer
10:00
1
Play Today
Manufacturer
Aircraft
% Correct
General Dynamics
F-16 Fighting Falcon
90.3%
McDonnell Douglas
F-15 Eagle
88.8%
Lockheed Martin
F-22 Raptor
88.8%
McDonnell Douglas
F/A-18 Hornet
86.7%
Lockheed Martin
F-35 Lightning II
86.5%
Republic Fairchild
A-10 Thunderbolt II
82.6%
Northrop Grumman
B-2 Spirit
81.7%
Rockwell
B-1 Lancer
79.4%
Lockheed
EC-130 Commando Solo
78.8%
Lockheed
EC-130J Commando Solo
78.6%
Lockheed
WC-130 Hercules
78.5%
Lockheed
HC-130 Hercules
78.5%
Lockheed
C-130 Hercules
78.4%
Lockheed
C-130J Super Hercules
78.4%
Boeing
B-52 Stratofortress
74.7%
Sikorsky
HH-60 Pave Hawk
72.5%
Sikorsky
SH-60 Sea Hawk
71.8%
Sikorsky
HH-60 Rescue Hawk
71.4%
Sikorsky
MH-60 Sea Hawk
71.1%
Sikorsky
MH-60 Black Hawk
71%
Sikorsky
EH-60 Black Hawk
69.9%
Sikorsky
UH-60 Black Hawk
69.9%
Boeing
AH-64 Apache
67.2%
Boeing
AH-64D Longbow Apache
67.2%
Lockheed
C-5 Galaxy
67%
Lockheed
MC-130 Combat Talon I/II/Combat Shadow
66.1%
Boeing
C-17 Globemaster III
65.6%
Bell
UH-1 Iroquois
61.7%
Bell-
Boeing
CV-22 Osprey
58.8%
Boeing
MH-47 Chinook
57.4%
Boeing
CH-47 Chinook
56.9%
Manufacturer
Aircraft
% Correct
Bell-
Boeing
MV-22 Opsrey
55.9%
Lockheed
AC-130 Spectre/Spooky
51.8%
Bell
AH-1 Super Cobra
49.4%
McDonnell Douglas
F-15E Strike Eagle
48.4%
Bell
UH-1Y Venom
47.9%
McDonnell Douglas
AV-8B Harrier II
47.1%
Boeing
KC-135 Stratotanker
45.7%
Bell
UH-1N Twin Huey
44.6%
MD Helicopters
AH-6 Little Bird
43.7%
Bell
HH-1N Twin Huey
43.2%
Bell
TH-1 Iroquois
43%
Boeing
E-3 Sentry
42.1%
Boeing
EA-18G Growler
41.6%
Bell
AH-1Z Viper
40.4%
Grumman
C-2 Greyhound
40.1%
General Atomics
MQ-1 Predator
39.9%
Lockheed
TU-2 Dragon Lady
39.6%
Lockheed
U-2 Dragon Lady
39.6%
Northrop Grumman
E-2 Hawkeye
39.6%
General Atomics
MQ-9 Reaper
38.2%
McDonnell Douglas
TAV-8B Harrier II
37.4%
Sikorsky
HH-60 Jay Hawk
36.1%
Sikorsky
CH-53 Sea Stallion
35.9%
Lockheed Martin
KC-130 Hercules
34.7%
Beechcraft
C-12 Huron
34.4%
McDonnell Douglas
KC-10 Extender
33.7%
Boeing
F/A-18E/F Super Hornet
33.2%
Boeing
E-4
31.1%
Northrop Grumman
E-8 J-STARS
31.1%
Sikorsky
CH-53E Super Stallion
31%
Northrop
F-5F/N Tiger II
29.9%
Manufacturer
Aircraft
% Correct
Northrop Grumman
EA-6B Prowler
29.1%
Boeing
E-6 Mercury
27.8%
Sikorsky
MH-53 Sea Dragon
26.9%
Northrop Grumman
RQ-4 Global Hawk
25%
Boeing Vertol
CH-46 Sea Knight
24.7%
Beechcraft
T-6 Texan II
24.4%
Sikorsky
SH-3 Sea King
24.2%
Bell
OH-58 Kiowa
21.5%
General Atomics
MQ-1C Grey Eagle
20.8%
Lockheed
EP-3 ARIES II
20.2%
Bombardier
E-9 Widget
19.8%
Lockheed
AP-3 Orion
19.1%
Boeing
C-40 Clipper
18.3%
Boeing
RC-135 Rivet Joint
17.2%
Boeing
VC-25
16.6%
Northrop Grumman
MQ-8 Fire Scout
16%
Boeing Vertol
HH-46 Sea Knight
15.7%
Bell
UH-1N Twin Huey
15.2%
Eurocopter
HH-65 Dolphin
14.5%
Eurocopter
UH-72 Lakota
12.3%
Boeing
OC-135 Open Skies
11.7%
Boeing
WC-135 Constant Phoenix
11.1%
Sikorsky
VH-60 White Hawk
10.9%
AAI
RQ-7 Shadow
10.7%
Lockheed Martin
RQ-170 Sentinel
10.2%
Aero Vironment
RQ-11 Raven
10%
IAI
RQ-5 Hunter
8.1%
Bell
TH-57 Sea Ranger
7.3%
Bell
TH-67 Creek
5.9%
Boeing
Scan Eagle
5.7%
Quiz Playlist
Details
Report
Send in Message
Add To Playlist
Classic:
Type in answers that appear in a list
Last Updated: Feb 16, 2017
Quiz Scoreboard
CHALLENGE
Sign Up to Join the Scoreboard
Show All
Scores
Hide
Comments
May contain spoilers
Recently Published
1-10 Letter E Words III
by El_Dandy
Language
2m
Street Fighter Characters
by Artimus82
Gaming
60s
College Basketball Coaching Resumes
by pancakes188
Sports
9m
More to Explore
Quiz From the Vault
Featured Blog Post
Where Did the Easter Bunny Come From?
hide this ad
You Might Also Like...
Tags
United States Quiz
War Quiz
Fighter Aircraft
Fighter Planes
Military
Modern
plane
USAF
US Army
USMC
US Navy
Today's Top Quizzes in History
Browse History
hide this ad
Today's Top Quizzes in War
Browse War
Top Contributed Quizzes in History
1
Popular People in 1991
2
Popular People in 1981
3
Popular People in 1951
4
Popular People in 1941
5
Popular People in 1986
6
Popular People in 1976
7
Popular People in 1921
8
5-to-1: 20th Century Images of War
9
I Am Born On March 28th
10
Popular People in 1946
Explore More
Trending Topics
Anime
Marvel
NBA
Disney
Kpop
Harry Potter
Crossword
NFL
Song
WWE
Soccer
Puzzle
The Office
Country
Pokémon
hide this ad
More By:
Jason_montyfan
Quiz
Plays
Rating
Category
Featured
Created
Civilizations by Historical Leader II
32,544
4.30
History
Jan 25, 2012
Current US military aircraft
1,583
3.71
History
Jan 10, 2012
Australian Defence Force Ranks
791
5.00
History
Jan 11, 2012
Country Quiz: Monaco
782
2.63
Geography
Feb 16, 2012
Name the helicopters in US military service
641
3.00
History
Dec 12, 2011
Go to Creator's Profile
Score Distribution
Quiz Creator Spotlight
Jason_montyfan
Follow
Send a Message
Quizzes Created
-
Created Quiz Play Count
-
More By This Creator
Popular Quizzes Today
1
Find the US States - No Outlines Minefield
2
Find the Countries of Europe - No Outlines Minefield
3
The Countries of the World
4
Find the US States
5
Risky Map Clicking: Biggest States A-Z
6
US States
7
Popular People in 1961
8
Movies - When Are They Set?
More History Quizzes
Famous Quotes About 'H'
Published
Trending Quizzes
Risky Map Clicking: Least Populous States A-Z
1-10 Letter G Words
USA Borders Longest to Shortest
1-10 Letter F Words
Countries of the World: 200 Million BC
Recently Updated
Leaping Animals
pecheneg
Reality TV Shows (A-Z)
bhenderson79
Rickey Henderson's Hall of Fame Teammates
pecheneg
Champions League XIs: Arsenal
pecheneg
Quick Pick: Celebrities in WWE's Hall of Fame
aduchscher
A-Z Keypad Blitz II
pecheneg
Multiple Oscar Actors
pecheneg
Mystery Phrase Blitz: Oscar 'Best Actors'
pecheneg
F. Scott Fitzgerald Novels
LTH
Pick 3 Villains
ddd62291
Trending Topics
Kpop
Anime
NBA
Disney
Crossword
Marvel
Harry Potter
NFL
Country
Song
WWE
Puzzle
Soccer
The Office
Pokémon
Your Account Isn't Verified!
In order to create a playlist on Sporcle, you need to verify the email address you used during registration. Go to your
Sporcle Settings
to finish the process.
Report this User
Report this user for behavior that violates our
Community Guidelines
.
Details:
Send Report
Go to the Sporcle.com Mobile Site →
Comments